| 000 | 00582nam a2200181 a 4500 | ||
|---|---|---|---|
| 005 | 20140310183245.0 | ||
| 008 | 040817s19uu xx 00 eng d | ||
| 020 | _a9780861911890 | ||
| 050 |
_aBF 76.4 _b.Od26 2003 |
||
| 100 | _aO'Donohue, William | ||
| 245 |
_aHandbook of professional ethics for psychologists : _bissues, questions, and controversies / _cWilliam O'Donohue. |
||
| 260 |
_aThousand Oaks : _bSage Publication, _c2003. |
||
| 300 |
_a474 p. : _c26 cm. |
||
| 521 | _aPSYCH | ||
| 650 | _aPsychologists-Professional ethics. | ||
| 942 |
_cBK _2lcc _kFOR |
||
| 999 |
_c20668 _d20668 |
||